| 000 | 01065nam a2200265 a 4500 | ||
|---|---|---|---|
| 001 | 000030977 | ||
| 005 | 20240409073643.0 | ||
| 008 | 110608t1972 njuabc 000 0 eng d | ||
| 020 | _a0813507146 | ||
| 040 |
_aDO-SdBNP _bspa _cBNPHU |
||
| 082 |
_a972.93053 _bA873u |
||
| 100 | 1 |
_aAtkins, G. Pope, _d1934- _957493 |
|
| 245 | 1 | 4 |
_aThe United States and the Trujillo regime / _cG. Pope Atkins and Larman C. Wilson. |
| 260 |
_aNew Jersey : _bRutgers University Press, _c1972. |
||
| 300 |
_a245 p. : _bil., mapas, retrs. ; _c21 cm. |
||
| 500 | _aIncluye índice onomástico. | ||
| 504 | _aBibliografia : p. 165-229 | ||
| 590 | _aInventariado, 2020/BT | ||
| 600 | 1 | 0 |
_aTrujillo Molina, Rafael Leónidas, _d 1891-1961 _976764 |
| 651 | 4 |
_aEstados Unidos _xRelaciones Exteriores _zRepública Dominicana _96309 |
|
| 651 | 4 |
_aRepública Dominicana _xRelaciones Exteriores _zEstados Unidos _96308 |
|
| 651 | 4 |
_aRepública Dominicana _xPolítica Y Gobierno _yERA DE TRUJILLO, 1930-1961 _91374 |
|
| 700 | 1 |
_aWilson, Larman C. _957494 |
|
| 910 | _aValidado. Control de calidad EMS. | ||
| 999 |
_c30469 _d30469 |
||